000 00312nam a2200121Ia 4500
008 240731s9999 xx 000 0 und d
022 _a2470-7627
245 0 _aMiddle School Research Selected Studies
260 _bRoutledge
856 _uhttps://www.tandfonline.com/loi/umle16
942 _2ddc
942 _cTFEJ
999 _c78571
_d78571
945 _a1
_bMadushi Gamage
_c1
_dMadushi Gamage